British Sweets and Chocolate #1 - Statistics

General Stats
  • This quiz has been taken 2,811 times
  • The average score is 12 of 15
Answer Stats
Picture Answer % Correct
Bounty
93%
Flake
92%
Crunchie
91%
Polo
91%
Cadbury Freddo
90%
Terry's chocolate orange
89%
Mars
87%
Jelly Babies
85%
Maynard Wine Gums
80%
Snickers
77%
Aero
75%
Flying Saucers
68%
Galaxy Minstrels
58%
Jelly Tots
56%
Parma Violets
31%
No matching quizzes found
Score Distribution
Percent of People with Each Score
Percentile by Number Answered
Your Score History
You have not taken this quiz